000 01039nam a22003257a 4500
003 CHAP
005 20220329134009.0
008 971013s1967 mx a r 00010 spa d
010 _a13821
011 _a14793
035 _a18867
040 _cCHAP
090 _aFolleto 2174
100 0 0 _aHenson, P. R.
_953645
245 1 _aBezas anuales; cultivo y aprovechamiento
260 _aMéxico, D. F. :
_bCentro Regional de Ayuda Técnica,
_c1967
300 _a14 p.
_b: ilus.
490 _aUSDA. Farmer's bulletin
_v; 2113
590 _aBATCH-UPD
_b10
_c20130110
_lUCH01
_h2152
590 _aCONVERSION
_b10
_c20130109
_lUCH01
_h1309
650 1 4 _aLespedeza stipulacea.
_966348
650 1 4 _aLespedeza striata.
_966349
700 0 _aCope, W. A.
_927871
830 0 _aUSDA. Farmer's bulletin
_v; 2113
_9117056
901 _aBK
942 _cFOLL
949 _aFolleto 2174
_bBC
_cFOLL
_d-43834
_eTS1
_i18867
_si
949 _aFolleto 2174
_bBC
_cFOLL
_d-43835
_eTS1
_fc.2
_i18867
_si
949 _aFolleto 2174
_bBC
_cFOLL
_d-43836
_eTS1
_fc.3
_i18867
_si
999 _c13821
_d13821